000 00530nmm a2200169Ia 4500
008 251105s9999||||xx |||||||||||||||||und||
020 _a9789587166897
041 _aspa
100 _aRincón, Carlos
245 0 _aIconos y mitos culturales en la invención de la nación en Colombia
264 _a[Bogotá, Colombia] :
_bEditorial Pontificia Universidad Javeriana,
_c2014
300 _a376 páginas
490 _a2010
650 _aCultural Studies
856 _uhttps://public.digitaliapublishing.com/a/38527
942 _cCF
999 _c95559
_d95559